Songs from the First Line(s) - 2000s - Statistics

General Stats
  • This quiz has been taken 498 times
  • The average score is 21 of 40
Answer Stats
Hint Answer % Correct
2002 His palms are sweaty, knees weak, arms are heavy / There's vomit on his sweater already, mom's spaghetti Artist(s) Eminem
87%
2000 I think I did it again / I made you believe we're more than just friends Artist(s) Britney Spears
77%
2000 I think I did it again / I made you believe we're more than just friends Song Oops!…I Did It Again
75%
2008 I used to rule the world / Seas would rise when I gave the word Artist(s) Coldplay
74%
2002 His palms are sweaty, knees weak, arms are heavy / There's vomit on his sweater already, mom's spaghetti Song Lose Yourself
74%
2009 You would not believe your eyes if ten million fireflies / Lit up the world as I fell asleep Song Fireflies
73%
2008 You change your mind / Like a girl changes clothes Artist(s) Katy Perry
73%
2003 Go, shorty, it's your birthday / We gon' party like it's your birthday Artist(s) 50 Cent
72%
2008 You change your mind / Like a girl changes clothes Song Hot n Cold
70%
2006 I never really knew that she could dance like this (hey) / She make a man wanna speak Spanish Artist(s) Shakira / Wyclef Jean
69%
2008 I used to rule the world / Seas would rise when I gave the word Song Viva La Vida
68%
2006 I never really knew that she could dance like this (hey) / She make a man wanna speak Spanish Song Hips Don't Lie
67%
2003 Go, shorty, it's your birthday / We gon' party like it's your birthday Song In da Club
66%
2003 What's wrong with the world, mama? / People livin' like they ain't got no mamas Song Where Is the Love?
66%
2000 Honey came in and she caught me red-handed / Creeping with the girl next door Song It Wasn't Me
62%
2009 You would not believe your eyes if ten million fireflies / Lit up the world as I fell asleep Artist(s) Owl City
58%
2000 Honey came in and she caught me red-handed / Creeping with the girl next door Artist(s) Shaggy
57%
2001 Never made it as a wise man / I couldn't cut it as a poor man stealing Artist(s) Nickelback
54%
2009 We were both young when I first saw you / I close my eyes and the flashback starts Artist(s) Taylor Swift
54%
2001 Never made it as a wise man / I couldn't cut it as a poor man stealing Song How You Remind Me
52%
2005 Here's the thing, we started out friends / It was cool, but it was all pretend Artist(s) Kelly Clarkson
50%
2005 Here's the thing, we started out friends / It was cool, but it was all pretend Song Since U Been Gone
50%
2003 What's wrong with the world, mama? / People livin' like they ain't got no mamas Artist(s) Black Eyed Peas
49%
2007 You're way too beautiful, girl / That's why it'll never work Song Beautiful Girls
47%
2009 We were both young when I first saw you / I close my eyes and the flashback starts Song Love Story
47%
2002 Chill out, what ya yellin' for? / Lay back, it's all been done before Artist(s) Avril Lavigne
45%
2002 Chill out, what ya yellin' for? / Lay back, it's all been done before Song Complicated
45%
2001 Where's all my soul sistas? / Lemme hear ya'll flow, sistas Artist(s) Christina Aguilera / Lil' Kim / Mýa / Pink
44%
2005 A few times I've been around that track / So it's not just gonna happen like that Song Hollaback Girl
43%
2001 Where's all my soul sistas? / Lemme hear ya'll flow, sistas Song Lady Marmalade
41%
2005 A few times I've been around that track / So it's not just gonna happen like that Artist(s) Gwen Stefani
40%
2007 You're way too beautiful, girl / That's why it'll never work Artist(s) Sean Kingston
40%
2007 No clouds in my stones / Let it rain, I hydroplane in the bank / Comin' down with the Dow Jones Artist(s) Rihanna / Jay-Z
37%
2007 No clouds in my stones / Let it rain, I hydroplane in the bank / Comin' down with the Dow Jones Song Umbrella
35%
2006 Where is the moment we needed the most? / You kick up the leaves, and the magic is lost Song Bad Day
33%
2004 How can you see into my eyes / Like open doors? Artist(s) Evanescence
31%
2004 How can you see into my eyes / Like open doors? Song Bring Me to Life
28%
2006 Where is the moment we needed the most? / You kick up the leaves, and the magic is lost Artist(s) Daniel Powter
26%
2004 Some people live for the fortune / Some people live just for the fame Artist(s) Alicia Keys
21%
2004 Some people live for the fortune / Some people live just for the fame Song If I Ain't Got You
17%
No matching quizzes found
Score Distribution
Percent of People with Each Score
Percentile by Number Answered
Your Score History
You have not taken this quiz